000 01405nam0a2200337 4500
001 RU\NLR\bibl\847246
005 20250614150824.0
010 _a5-17-028447-0
_bв пер.
_910000
021 _aRU
_b2005-22584
_91148
035 _aRSL-KNO-002597261
035 _a(NLR Aleph) 000836015
090 _a1390657
_c1390657
100 _a20050428d2005 |||y0rusy50 ca
101 1 _arus
_ceng
102 _aRU
105 _ay |||||||||
106 _ar
200 1 _aРискованное увлечение
_eроман
_fДжулия Росс
_g[пер. с англ. С. Б. Шестерневой]
210 _aМ.
_cАСТ
_d2005
_eЭлектросталь
_gКниж. ф-ка j 1
215 _a317, [1] с.
_d21
225 1 _aОчарование
610 0 _aФилологические науки. Художественная литература -- США -- Американская литература -- с 1945 г. -- Произведения художественной литературы -- Художественная проза -- Романы. Повести. Рассказы
686 _aШ5(7США)62-644
_2rubbk
686 _aШ6(7США)67-440.4{Лх1979-50}
700 1 _aРосс
_bД.
_gДжулия
_4070
801 0 _aRU
_bRuMoRKP
_c20050428
_grcr
801 1 _aRU
_bRuMoRGB
_c20050428
801 2 _aRU
_bNLR
_c20051003
_grcr
942 _cBOOK
980 _aNB